الكرة الأرضية / (رقم التسجيلة. 66479)

تفاصيل مارك
000 -LEADER
fixed length control field 00552nam a22001697a 4500
005 - DATE AND TIME OF LATEST TRANSACTION
control field 20251108171936.0
008 - FIXED-LENGTH DATA ELEMENTS--GENERAL INFORMATION
fixed length control field 250721s1993 xx 000 0 ara d
082 14 - DEWEY DECIMAL CLASSIFICATION NUMBER
Classification number ط/551.4/كرة
245 10 - TITLE STATEMENT
Title الكرة الأرضية /
264 1# - PRODUCTION, PUBLICATION, DISTRIBUTION, MANUFACTURE, AND COPYRIGHT NOTICE
Place of production, publication, distribution, manufacture القاهرة :
Name of producer, publisher, distributor, manufacturer الدار الدولية للنشر و التوزيع،
Date of production, publication, distribution, manufacture, or copyright notice 1993.
300 ## - PHYSICAL DESCRIPTION
Extent 32ص
490 0# - SERIES STATEMENT
Series statement سلسلة العالم الصغير
650 17 - SUBJECT ADDED ENTRY--TOPICAL TERM
Topical term or geographic name as entry element الأرض
710 2# - ADDED ENTRY--CORPORATE NAME
Corporate name or jurisdiction name as entry element قسم الترجمة و النشر بالدار الدولية
Relator term إعداد
942 ## - ADDED ENTRY ELEMENTS (KOHA)
Source of classification or shelving scheme Dewey Decimal Classification
Koha item type كتب
المقتنيات
حالة السحب حالة الفقدان مصدر التصنيف حالة التلف غير قابل للإعارة المكتبة الرئيسية المكتبة الحالية موقع الرف تاريخ التزويد الرقم المتسلسل Total Checkouts رقم الإستدعاء الباركود تاريخ آخر ظهور تاريخ الفاتورة نوع المادة (كوها)
    Dewey Decimal Classification     مكتبة النصر العامة مكتبة النصر العامة الأطفال 19/04/2015 [ [ 4470 ]   ط/551.4/كرة PLD00384901 28/07/2025 19/04/2015 كتب
Implemented & Customized by: BBB with SCIT (Smart Chains for Information Technology)

Powered by Koha